OPAC Home

63 වසරට ආසිරි (Record no. 74295)

MARC details
000 -LEADER
fixed length control field 00428nam a2200169Ia 4500
008 - FIXED-LENGTH DATA ELEMENTS--GENERAL INFORMATION
fixed length control field 121129t1987 xxu||||| |||| 00| 0 sin d
041 ## - LANGUAGE CODE
Language code of text/sound track or separate title Sinhala; Sinhalese
080 ## - UNIVERSAL DECIMAL CLASSIFICATION NUMBER
Universal Decimal Classification number 8S-1
Item number SIR
942 ## - ADDED ENTRY ELEMENTS (KOHA)
Koha item type Books
003 - CONTROL NUMBER IDENTIFIER
control field LK-CoDNM
040 ## - CATALOGING SOURCE
Original cataloging agency LK-CoDNM
Modifying agency LK-CoDNM
Description conventions LK-CoDNM
100 ## - MAIN ENTRY--PERSONAL NAME
Personal name Siripala .H
245 ## - TITLE STATEMENT
Title 63 වසරට ආසිරි
246 ## - VARYING FORM OF TITLE
Title proper/short title 63 Wasarata Asiri
260 ## - PUBLICATION, DISTRIBUTION, ETC. (IMPRINT)
Name of publisher, distributor, etc. Shainior of set
Place of publication, distribution, etc. Colombo 12
Date of publication, distribution, etc. 1987
300 ## - PHYSICAL DESCRIPTION
Other physical details 10p., 22 cm
Holdings
Withdrawn status Lost status Damaged status Not for loan Collection code Permanent Location Current Location Date acquired Full call number Barcode Koha item type
        Poems Library National Museum Colombo - Sri Lanka Library National Museum Colombo - Sri Lanka 2012-11-29 8S-1 SIR P17466 Books
Copyright © 2023 Department of National Museum, Colombo 07, Sri Lanka Funded by UNESCO IFAP UNESCO